|
|
|
|
| LEADER |
01224cam a2200289 a 4500 |
| 001 |
c000277822 |
| 003 |
CARM |
| 005 |
20071206125700.0 |
| 008 |
850123q19701976aca 000 0 eng d |
| 010 |
|
|
|a 84266088
|
| 019 |
1 |
|
|a 3587702
|5 LACONCORD2021
|
| 035 |
|
|
|a (OCoLC)215459520
|5 LACONCORD2021
|
| 040 |
|
|
|a D2035
|b eng
|c D2035
|d VERC
|
| 042 |
|
|
|a anuc
|
| 082 |
0 |
4 |
|a 371.91/9444
|2 19
|
| 245 |
0 |
4 |
|a The Provision of an adequate education for the handicapped child :
|b consultation /
|c Australian Frontier.
|
| 246 |
3 |
|
|a Provision of an adequate education for handicapped children
|
| 260 |
|
|
|a Canberra :
|b Australian Frontier,
|c [197-?].
|
| 300 |
|
|
|a 20 p. ;
|c 21 cm.
|
| 440 |
|
0 |
|a Consultation report (Australian Frontier)
|
| 650 |
|
0 |
|a Children with disabilities
|x Education
|z Australia.
|
| 710 |
2 |
|
|a Australian Frontier
|
| 852 |
8 |
|
|b CARM
|h A1:AL24D0
|i C10487
|p 0399984
|f BK
|
| 852 |
8 |
|
|b CARM
|h A1:AL02D0
|i C10334
|p 0489041
|f BK
|
| 999 |
f |
f |
|i 87f800ed-8e48-5380-ae5c-94bf415bd573
|s bdd110c7-b3e9-5eae-a449-ca1610646a10
|
| 952 |
f |
f |
|p Can circulate
|a CAVAL
|b CAVAL
|c CAVAL
|d CARM 1 Store
|e C10334
|f A1:AL02D0
|h Other scheme
|i book
|m 0489041
|
| 952 |
f |
f |
|p Can circulate
|a CAVAL
|b CAVAL
|c CAVAL
|d CARM 1 Store
|e C10487
|f A1:AL24D0
|h Other scheme
|i book
|m 0399984
|